Team of the Tournament - Europei 1980 - Statistics

Statistiche generali
  • Questo quiz è stato fatto 4 volte
  • Il punteggio medio è 5 su 11
Statistiche sulle risposte
Ruolo Nazione Calciatore % Corretto
Portiere Italia Dino Zoff
100%
Centrocampista Germania Ovest Hansi Müller
75%
Difensore Italia Gaetano Scirea
50%
Attaccante Germania Ovest Karl-Heinz Rummenigge
50%
Centrocampista Italia Marco Tardelli
50%
Centrocampista Germania Ovest Bernd Schuster
25%
Difensore Italia Claudio Gentile
25%
Difensore Germania Ovest Hans-Peter Briegel
25%
Attaccante Germania Ovest Horst Hrubesch
25%
Centrocampista Belgio Jan Ceulemans
25%
Difensore Germania Ovest Karlheinz Förster
25%
Nessun quiz corrispondente trovato
Distribuzione punteggi
Percentuale di utenti per punteggio
Percentile per numero di risposta
I tuoi punteggi nel tempo
Non hai fatto questo quiz